|
|
|
|
| LEADER |
00000cam a2200000 7i4500 |
| 001 |
0000011920 |
| 005 |
20071121.0 |
| 008 |
071121 |
| 020 |
|
|
|a 9833603319
|
| 090 |
0 |
0 |
|a 155.632
|b ZAM
|
| 100 |
0 |
|
|a Zamri Mohamad
|
| 245 |
1 |
0 |
|a 77 tip melembutkan hati lelaki
|c Zamri Mohamad
|
| 260 |
|
|
|a Selangor :
|b PTS Millennia ,
|c 2006
|
| 440 |
|
|
|a Siri gaya hidup & wanita
|
| 650 |
|
0 |
|a Husband and wife
|x Conduct of life
|
| 650 |
|
0 |
|a Malay fiction
|
| 650 |
|
0 |
|a Man-woman relationship
|
| 650 |
|
0 |
|a Men
|x Psychology
|
| 999 |
|
|
|a 0001004341
|b Book
|c Adult Collection
|e Perbadanan Perpustakaan Awam Johor
|
| 999 |
|
|
|a 0001004342
|b Book
|c Adult Collection
|e Cawangan Tmn. Ungku Tun Aminah
|
| 999 |
|
|
|a 0001004343
|b Book
|c Adult Collection
|e Perbadanan Perpustakaan Awam Johor
|
| 999 |
|
|
|a 0001004344
|b Book
|c Adult Collection
|e Perbadanan Perpustakaan Awam Johor
|
| 999 |
|
|
|a 0001004345
|b Book
|c Adult Collection
|e Perbadanan Perpustakaan Awam Johor
|